| 000 | 00448nam a2200157 i 4500 | ||
|---|---|---|---|
| 001 | 45279 | ||
| 003 | ES-MaACL | ||
| 005 | 20230906161206.0 | ||
| 007 | t| | ||
| 008 | 030325s1979 sp ||||1| spa d | ||
| 100 | 1 |
_aCodera Martín, José María. _939415 |
|
| 245 | 1 | 0 |
_aDiccionario de derecho mercantil / _cJosé Mª Codera Martín. |
| 260 |
_aMadrid : _bPirámide, _c[1979] |
||
| 300 |
_a284 p. ; _c18 cm. |
||
| 852 |
_aES-MaACL _jA-10065 _bR.99292 |
||
| 999 |
_c45279 _d45279 |
||